LDR 01580naa#a2200193#i#450# 001 RU\\bibl\121791 005 20260503193216.7 011 ## _a1998-8990 100 ## _a20260423b2026####ek#y0rusy0150####ca 102 ## _aRU 200 1# _aДИАГНОСТИКА ЭКОЛОГИЧЕСКИХ ПОКАЗАТЕЛЕЙ ДИЗЕЛЬНЫХ ДВИГАТЕЛЕЙ ТРАНСПОРТНЫХ СРЕДСТВ ПРИ КОНТРОЛЕ ТЕХНИЧЕСКОГО СОСТОЯНИЯ ПРИ НЕУСТАНОВИВШЕЙСЯ НАГРУЗКЕ _eЖурнальная статья 210 1# _aСанкт-Петербург _cСанкт-Петербургский университет Государственной противопожарной службы Министерства Российской Федерации по делам гражданской обороны, чрезвычайным ситуациям и ликвидации последствий стихийных бедствий имени Героя Российской Федерации генерала армии Е.Н. Зиничева _d2026 215 ## _a10 с. 608 ## _aЖурнальная статья _2local 675 ## _aДизели. Двигатели с воспламенением от сжатия. 621.436 _aЗагрязнение атмосферы. Загрязнение воздуха. 504.3.054 _z 700 #1 _aСавельев _gАнатолий Петрович 700 #1 _aШкрабак _gВладимир Степанович 700 #1 _aШкрабак _gРоман Владимирович 856 4# _ajournals.igps.ru _u